000 00754nam a22002057a 4500
999 _c13189
_d13189
003 AR-CdUCM
008 190411b ||||| |||| 00| 0 spa d
040 _aMUNICIPALIDAD PROVINCIAL DEL CUSCO
_cBIBLIOTECA MUNICIPAL DEL CUSCO
082 _24ed
_a345.731 /
_bD49 / 1943
100 _aDelgado, Pedro Genaro
_931425
245 _aFormulario manual y reglamento de jueces de paz /
260 _aLima :
_c1943.
300 _a307 pƔginas ;
_c20 cm.
505 _aContenido: Manual del juez de paz -- Obligación de ejercer el cargo -- Nombramiento -- Requisitos -- Cuando se suspende el despacho...
650 _aSesiones
_910208
650 _aDerecho civil
_97386
650 _aJuez de paz
_911708
942 _2ddc
_cFOLLETOS
945 _adavv
_d11/04/2019